Central Library OPAC University of Rajshahi

Residuals and influence in regression / (Record no. 53049)

MARC details
000 -LEADER
fixed length control field 00895nam a2200265 a 4500
001 - CONTROL NUMBER
control field 53049
003 - CONTROL NUMBER IDENTIFIER
rucl marc code BD-RjUL
005 - DATE AND TIME OF LATEST TRANSACTION
control field 20211209075911.0
008 - FIXED-LENGTH DATA ELEMENTS--GENERAL INFORMATION
fixed length control field 161002r19851982nyua b 001 0 eng
020 ## - INTERNATIONAL STANDARD BOOK NUMBER
International Standard Book Number 041224280X
035 ## - SYSTEM CONTROL NUMBER
System control number (BD-RjUL)53169
040 ## - CATALOGING SOURCE
Original cataloging agency DLC
Transcribing agency DLC
Modifying agency DLC
-- BD-RjUL
Language of cataloging eng
041 ## - LANGUAGE CODE
Language code of text/sound track or separate title eng
082 00 - DEWEY DECIMAL CLASSIFICATION NUMBER
Classification number 519.536
Edition number 23
Author mark and year COR 1986
100 1# - MAIN ENTRY--PERSONAL NAME
Personal name Cook, R. Dennis.
9 (RLIN) 154024
245 10 - TITLE STATEMENT
Title Residuals and influence in regression /
Statement of responsibility, etc. R. Dennis Cook and Sanford Weisberg.
260 ## - PUBLICATION, DISTRIBUTION, ETC. (IMPRINT)
Place of publication, distribution, etc. New York :
Name of publisher, distributor, etc. Chapman and Hall,
Date of publication, distribution, etc. 1982 [reprint 1986]
300 ## - PHYSICAL DESCRIPTION
Pagination x, 230 p. :
Illustrations ill. ;
Size 22 cm.
504 ## - BIBLIOGRAPHY, ETC. NOTE
Bibliography, etc Includes index and Bibliography
650 #0 - SUBJECT ADDED ENTRY--TOPICAL TERM
Topical term or geographic name as entry element Regression analysis.
9 (RLIN) 118127
700 1# - ADDED ENTRY--PERSONAL NAME
Personal name Weisberg, Sanford,
Dates associated with a name 1947-
830 ## - SERIES ADDED ENTRY--UNIFORM TITLE
Uniform title Monographs on statistics and applied probability
942 ## - ADDED ENTRY ELEMENTS (KOHA)
Source of classification or shelving scheme Dewey Decimal Classification
Koha item type Books
Holdings
Lost status Source of classification or shelving scheme Damaged status Not for loan Collection code Permanent Location Current Location Shelving location Date acquired Source of acquisition Total Checkouts Full call number Date last seen Copy number Koha item type
  Dewey Decimal Classification     Non-fiction Central Library, University of Rajshahi Central Library, University of Rajshahi   16/09/2008 Gift   519.536 COR 1986 02/10/2016 C-2 Books
  Dewey Decimal Classification   Not For Loan Non-fiction Central Library, University of Rajshahi Central Library, University of Rajshahi Reading Room 16/09/2005 Administration of R.U.C.L.   519.536 COR 1986 27/03/2017 C-1 Books